[Event "Almaty zt 3.4 (Women)"]
[Site "Almaty"]
[Date "2025.04.06"]
[Round "6"]
[White "Nauryzbay, Ayana"]
[Black "Mamarasulova, Yasmina"]
[Result "1/2-1/2"]
[WhiteElo "1641"]
[BlackElo "1504"]
[PlyCount "48"]
[EventDate "2025.04.02"]
[EventType "swiss"]
[EventRounds "9"]
[EventCountry "KAZ"]
[SourceTitle "CB15_2025"]
[SourceDate "2025.04.09"]
[SourceVersion "1"]
[SourceVersionDate "2025.04.09"]
[SourceQuality "1"]

1. d4 Nf6 2. Nf3 e6 3. e3 b6 4. Be2 Be7 5. 0-0 0-0 6. b3 Bb7 7. Bb2 d6 8. c4 Nbd7 9. Nbd2 c5 10. Qc2 Rc8 11. Rac1 Qc7 12. Rfd1 Qb8 13. a3 cxd4 14. Nxd4 Nc5 15. b4 Nce4 16. f3 Nxd2 17. Qxd2 d5 18. Rc2 Rc7 19. Rdc1 Rfc8 20. Qe1 dxc4 21. Bxc4 Bd5 22. Bxd5 Rxc2 23. Rxc2 Rxc2 24. Nxc2 Nxd5 1/2-1/2

[Event "Wch U10 Girls"]
[Site "Montesilvano"]
[Date "2024.11.19"]
[Round "5"]
[White "Mamarasulova, Yasmina"]
[Black "Macchia Shahar, Yali"]
[Result "0-1"]
[WhiteElo "1444"]
[BlackElo "1564"]
[PlyCount "44"]
[EventDate "2024.11.15"]
[EventType "swiss"]
[EventRounds "11"]
[EventCountry "ITA"]
[SourceTitle "CB48_2024"]
[SourceDate "2024.11.28"]
[SourceVersion "1"]
[SourceVersionDate "2024.11.28"]
[SourceQuality "1"]

1. d4 d5 2. c4 e6 3. Nc3 Nf6 4. cxd5 exd5 5. Bg5 Be7 6. e3 c6 7. Bd3 0-0 8. Nf3 h6 9. Bh4 Re8 10. 0-0 Ne4 11. Bxe7 Qxe7 12. Bxe4 dxe4 13. Nd2 Bf5 14. Qc2 Qe6 15. Qb3 Qg6 16. Qxb7 Bh3 17. g3 Nd7 18. Rfc1 Rab8 19. Qxa7 Rxb2 20. Nc4 Qf5 21. f4 exf3 22. Qxd7 f2+ 0-1

[Event "Wch U10 Girls"]
[Site "Montesilvano"]
[Date "2024.11.15"]
[Round "1"]
[White "Mamarasulova, Yasmina"]
[Black "Li, Wan Qin"]
[Result "0-1"]
[WhiteElo "1444"]
[BlackElo "1628"]
[PlyCount "48"]
[EventDate "2024.11.15"]
[EventType "swiss"]
[EventRounds "11"]
[EventCountry "ITA"]
[SourceTitle "CB48_2024"]
[SourceDate "2024.11.28"]
[SourceVersion "1"]
[SourceVersionDate "2024.11.28"]
[SourceQuality "1"]

1. d4 Nf6 2. c4 e6 3. Nc3 Bb4 4. e3 0-0 5. Bd3 d5 6. Bd2 c5 7. Nf3 Nc6 8. a3 Bxc3 9. bxc3 cxd4 10. exd4 Re8 11. 0-0 b6 12. cxd5 exd5 13. Bb5 Bd7 14. c4 dxc4 15. Bxc4 Bg4 16. Qb3 Qc7 17. Ng5 Bh5 18. Rac1 Nxd4 19. Qb2 Qe5 20. Rb1 Ng4 21. f4 Qc5 22. h3 Nf3+ 23. Kh1 Qg1+ 24. Rxg1 Nf2# 0-1